[Event "WYCC 2004 - G18"]
[Site "Creta Maris Conference Hotel"]
[Date "2004.11.08"]
[Round "6.1"]
[White "Andriasian, Siranush"]
[Black "Pham, Le Thao Nguyen"]
[Result "0-1"]
[WhiteElo "2206"]
[BlackElo "2244"]
[PlyCount "98"]
[EventDate "2004.11.04"]

1. e4 Nf6 2. e5 Nd5 3. d4 d6 4. c4 Nb6 5. Nf3 g6 6. Be2 Bg7 7. exd6 cxd6 8. Be3
Nc6 9. Nc3 O-O 10. Rc1 Bg4 11. b3 d5 12. c5 Nc8 13. O-O Bxf3 14. Bxf3 e6 15.
Ne2 N8e7 16. Qd2 Nf5 17. Bg4 Nce7 18. Bf4 h5 19. Bh3 Kh7 20. f3 Nc6 21. Bxf5
exf5 22. Rcd1 Re8 23. Kh1 Re6 24. Bd6 Rc8 25. Rfe1 h4 26. Nf4 Qg5 27. h3 Bxd4
28. Qc2 Qg3 29. Rf1 Be5 30. Bxe5 Rxe5 31. Ne2 Rxe2 32. Qxe2 Rd8 33. f4 Qc3 34.
Qf2 Kg7 35. Qf3 Qxc5 36. Rc1 Qd6 37. Qd3 d4 38. Qd2 Re8 39. Rfe1 Re4 40. Rf1
Ne7 41. Rc4 b5 42. Rcc1 Nd5 43. Rce1 Nf6 44. Rxe4 Nxe4 45. Qd3 Ng3+ 46. Kg1
Nxf1 47. Qxf1 d3 48. Qd1 Kh7 49. Qe1 d2 0-1

[Event "WYCC 2004 - G18"]
[Site "Creta Maris Conference Hotel"]
[Date "2004.11.08"]
[Round "6.2"]
[White "Guseva, Marina"]
[Black "Melia, Salome"]
[Result "1/2-1/2"]
[WhiteElo "2289"]
[BlackElo "2326"]
[PlyCount "54"]
[EventDate "2004.11.04"]

1. d4 Nf6 2. c4 e6 3. Nc3 Bb4 4. e3 c5 5. Nge2 cxd4 6. exd4 d5 7. a3 Be7 8. Nf4
Nc6 9. Be3 O-O 10. cxd5 Nxd5 11. Nfxd5 exd5 12. Qb3 Bf6 13. Rd1 Ne7 14. Be2 Qd6
15. Bf3 Be6 16. O-O Rfd8 17. g3 Nf5 18. Bf4 Qd7 19. Ne2 Rac8 20. Qd3 Nd6 21.
Bxd6 Qxd6 22. Nf4 Rc4 23. Qe3 Bg5 24. Rd2 g6 25. Re1 Rdc8 26. h4 Bh6 27. Kg2
R8c6 1/2-1/2

[Event "WYCC 2004 - G18"]
[Site "Creta Maris Conference Hotel"]
[Date "2004.11.08"]
[Round "6.3"]
[White "Sebag, Marie"]
[Black "Kadziolka, Beata"]
[Result "1-0"]
[WhiteElo "2428"]
[BlackElo "2301"]
[PlyCount "67"]
[EventDate "2004.11.04"]

1. e4 c5 2. Nf3 d6 3. Bb5+ Nd7 4. O-O Ngf6 5. Re1 a6 6. Bf1 e5 7. c3 Be7 8. d4
O-O 9. dxe5 dxe5 10. c4 b6 11. Nc3 Bb7 12. b3 Qc7 13. Bb2 Rfe8 14. Qc2 Bf8 15.
Rad1 g6 16. g3 Rad8 17. Bg2 Bg7 18. Qb1 Nb8 19. Nd5 Nxd5 20. exd5 f6 21. h4 Bc8
22. Nh2 f5 23. Qa1 e4 24. Bxg7 Qxg7 25. Qxg7+ Kxg7 26. f3 exf3 27. Nxf3 Nd7 28.
Re6 h6 29. Rde1 Rxe6 30. Rxe6 b5 31. Rc6 b4 32. Bh3 Nf6 33. Rc7+ Bd7 34. Ne5
1-0

[Event "WYCC 2004 - G18"]
[Site "Creta Maris Conference Hotel"]
[Date "2004.11.08"]
[Round "6.4"]
[White "Szczepkowska, Karina"]
[Black "Hryhorenko, Nataliya"]
[Result "0-1"]
[WhiteElo "2209"]
[BlackElo "2321"]
[PlyCount "68"]
[EventDate "2004.11.04"]

1. e4 e6 2. d4 d5 3. Nd2 c5 4. exd5 exd5 5. Bb5+ Bd7 6. Qe2+ Be7 7. dxc5 Nf6 8.
Nb3 O-O 9. Be3 Re8 10. O-O-O a5 11. a4 Na6 12. Nf3 Nxc5 13. Nxc5 Bxc5 14. Nd4
Rc8 15. Kb1 Qc7 16. c3 Ng4 17. Qd3 Nxe3 18. fxe3 Re4 19. Rdf1 Bxb5 20. Qxb5
Rxe3 21. Nb3 b6 22. Re1 Qe7 23. Rd1 g6 24. h4 h5 25. Nd2 d4 26. c4 Re2 27. Qb3
Qe3 28. Qc2 Bb4 29. Nf1 Qf2 30. Qb3 Rce8 31. c5 bxc5 32. Rh3 c4 33. Qxc4 Rxb2+
34. Ka1 Ree2 0-1

[Event "WYCC 2004 - G18"]
[Site "Creta Maris Conference Hotel"]
[Date "2004.11.08"]
[Round "6.5"]
[White "Zawadzka, Jolanta"]
[Black "Malysheva, Polina"]
[Result "1-0"]
[WhiteElo "2329"]
[BlackElo "2310"]
[PlyCount "94"]
[EventDate "2004.11.04"]

1. e4 c5 2. Nf3 Nc6 3. d4 cxd4 4. Nxd4 Nf6 5. Nc3 d6 6. Bg5 e6 7. Qd2 a6 8.
O-O-O Bd7 9. f3 Be7 10. h4 Rc8 11. Kb1 b5 12. g4 Qc7 13. Nxc6 Bxc6 14. Bd3 h5
15. gxh5 Rxh5 16. Ne2 Kf8 17. Rhg1 Rh8 18. Nf4 d5 19. e5 Qxe5 20. Rde1 Qd6 21.
Qg2 Ke8 22. Bg6 e5 23. Bf5 Bd7 24. Bxd7+ Kxd7 25. Bxf6 Bxf6 26. Nxd5 Rxh4 27.
Rd1 Rd4 28. f4 Qxd5 29. Qxd5+ Rxd5 30. Rxd5+ Ke6 31. Rgd1 exf4 32. Rd6+ Kf5 33.
Rxa6 g5 34. Rd5+ Be5 35. a4 bxa4 36. Rxa4 f3 37. Rd1 g4 38. Rf1 Rb8 39. b3 Kg5
40. Re4 Kf5 41. Ra4 Kg5 42. Re4 Rb5 43. c4 Rxb3+ 44. Kc2 Rb2+ 45. Kd3 Bf4 46.
c5 f2 47. Re2 g3 1-0

[Event "WYCC 2004 - G18"]
[Site "Creta Maris Conference Hotel"]
[Date "2004.11.08"]
[Round "6.6"]
[White "Kursova, Maria"]
[Black "Vega Gutierrez, Sabrina"]
[Result "1/2-1/2"]
[WhiteElo "2315"]
[BlackElo "2225"]
[PlyCount "59"]
[EventDate "2004.11.04"]

1. d4 d5 2. Nf3 c6 3. c4 e6 4. e3 Nf6 5. Bd3 Nbd7 6. O-O Bd6 7. Nbd2 O-O 8. e4
e5 9. cxd5 cxd5 10. exd5 exd4 11. Ne4 Nxe4 12. Bxe4 Nf6 13. Bc2 Bg4 14. h3 Bh5
15. g4 Bg6 16. Bxg6 fxg6 17. Qxd4 Be7 18. Rd1 Qxd5 19. Qxd5+ Nxd5 20. Rxd5 Rxf3
21. Kg2 Rf7 22. Be3 Bf6 23. Rd2 a6 24. Rad1 Re8 25. b3 Rc7 26. Rd7 Rxd7 27.
Rxd7 Re7 28. Rxe7 Bxe7 29. Kf3 Kf7 30. Ke4 1/2-1/2

[Event "WYCC 2004 - G18"]
[Site "Creta Maris Conference Hotel"]
[Date "2004.11.08"]
[Round "6.7"]
[White "Franco, Angela"]
[Black "Burtasova, Anna"]
[Result "1/2-1/2"]
[WhiteElo "2046"]
[BlackElo "2273"]
[PlyCount "120"]
[EventDate "2004.11.04"]

1. e4 c5 2. Nf3 e6 3. d4 cxd4 4. Nxd4 a6 5. a4 Nf6 6. Nc3 d6 7. Be2 Qc7 8. O-O
b6 9. f4 Bb7 10. Bf3 Nbd7 11. Qe1 Be7 12. Kh1 O-O 13. Qg3 Nc5 14. Re1 Rad8 15.
Nb3 Nxb3 16. cxb3 d5 17. e5 Ne4 18. Nxe4 dxe4 19. Bxe4 Bxe4 20. Rxe4 Qc2 21.
Re1 Bb4 22. Rf1 Qe2 23. Qf3 Qxf3 24. gxf3 Rd3 25. f5 exf5 26. Bf4 Rxb3 27. Rg1
Rc8 28. Rg3 g6 29. h4 Rxb2 30. h5 Rc4 31. Bg5 Rcc2 32. Rh3 Bd2 33. Bf6 Bc3 34.
Rd1 Rd2 35. Rg1 f4 36. Rh4 Re2 37. Rc1 b5 38. axb5 axb5 39. h6 Kf8 40. Rxf4 Ke8
41. Rd1 Rbd2 42. Rxd2 Rxd2 43. e6 Bxf6 44. Rxf6 fxe6 45. Rxe6+ Kf7 46. Rb6 Rd5
47. Rb7+ Kf6 48. Rxh7 Rh5+ 49. Kg2 Kg5 50. f4+ Kxf4 51. Rb7 Rxh6 52. Rxb5 Rh8
53. Rb4+ Kg5 54. Kg3 Rc8 55. Rb5+ Kh6 56. Rb3 Kh5 57. Ra3 Rc4 58. Rb3 g5 59.
Ra3 Rg4+ 60. Kh3 Rg1 1/2-1/2

[Event "WYCC 2004 - G18"]
[Site "Creta Maris Conference Hotel"]
[Date "2004.11.08"]
[Round "6.9"]
[White "Toth, Lili"]
[Black "Andreeva, Plamena"]
[Result "1-0"]
[WhiteElo "2157"]
[BlackElo "2002"]
[PlyCount "113"]
[EventDate "2004.11.04"]

1. d4 Nf6 2. c4 d6 3. Nf3 g6 4. Nc3 Bf5 5. Nh4 Bd7 6. e4 e5 7. Nf3 Nc6 8. d5
Ne7 9. Be2 Bg7 10. O-O O-O 11. Bg5 Ne8 12. Ne1 f5 13. f3 h6 14. Bh4 f4 15. Nd3
g5 16. Bf2 h5 17. c5 Nf6 18. Qb3 Bc8 19. Rac1 Ng6 20. cxd6 cxd6 21. Nb5 b6 22.
Nb4 Rf7 23. Nc6 Qf8 24. Qa3 Ne8 25. Bxb6 a6 26. Nd8 Rf6 27. Na7 Bd7 28. Qxa6 g4
29. Qb7 Rxd8 30. Bxd8 Rf7 31. Qb3 Bf6 32. Bb6 Qh6 33. Bb5 Nh4 34. Bxd7 Rxd7 35.
fxg4 Rg7 36. Bf2 Rxg4 37. Bxh4 Bxh4 38. Nb5 Qg6 39. Qf3 Bd8 40. Rc8 Bb6+ 41.
Kh1 Bc5 42. a3 Kh7 43. b4 Be3 44. Rxe8 Qxe8 45. Nxd6 Qa4 46. Nc4 Bd4 47. Nd6
Qd7 48. Nf5 Bb6 49. Qc3 Qb5 50. Qf3 Qc4 51. d6 Qc6 52. Rd1 Qc2 53. Rf1 Qc6 54.
Qd3 Qd7 55. Qd5 f3 56. Rxf3 Qc8 57. Qf7+ 1-0

[Event "WYCC 2004 - G18"]
[Site "Creta Maris Conference Hotel"]
[Date "2004.11.08"]
[Round "6.10"]
[White "Paridar, Shadi"]
[Black "Seps, Monika"]
[Result "1-0"]
[WhiteElo "2242"]
[BlackElo "2077"]
[PlyCount "77"]
[EventDate "2004.11.04"]

1. e4 c5 2. c3 d5 3. exd5 Qxd5 4. d4 Nf6 5. Nf3 e6 6. Bd3 Be7 7. O-O Nc6 8. Na3
O-O 9. Nc2 b6 10. Qe2 Bb7 11. Bg5 cxd4 12. cxd4 h6 13. Bh4 Rfd8 14. a3 Qh5 15.
Bxf6 Bxf6 16. Qe4 Rab8 17. Rfe1 Kf8 18. Qf4 Ne7 19. Ne5 Nd5 20. Qg3 Bg5 21. Be2
Qh4 22. Nd7+ Rxd7 23. Qxb8+ Bd8 24. Qg3 Qe7 25. Qb3 Bc7 26. g3 Qg5 27. Bf3 Ba6
28. Nb4 Nxb4 29. axb4 Bb5 30. Qc3 Bd6 31. Rad1 Qe7 32. Re3 Bxb4 33. Qb3 Rc7 34.
d5 Bc4 35. Qc2 Bxd5 36. Qh7 Qf6 37. Bxd5 Bc5 38. Qh8+ Ke7 39. Bc6 1-0